000 00752nam a22001697a 4500
008 090826s2002 ua ||||gr|||| 00| 0 ara d
020 _a9775061520
082 _222
_a646.4
_bع ب و
100 _98657
_aمنى عبد الرحمن عبود
245 _aمعاطف السيدات /
_cاعداد منى عبد الرحمن عبود؛ مراجعة نادية محمود خليل
260 _aالقاهرة:
_b؛ د.ن
_c2002
300 _a238؛ص
_c24 سم
650 _98659
_aتفصيل الملابس
700 _98661
_aنادية محمود خليل
942 _2ddc
_cBB
999 _c12707
_d12707